<?xml version="1.0" encoding="UTF-8"?><?xml-stylesheet type="text/xsl" href="static/style.xsl"?><OAI-PMH xmlns="http://www.openarchives.org/OAI/2.0/" xmlns:xsi="http://www.w3.org/2001/XMLSchema-instance" xsi:schemaLocation="http://www.openarchives.org/OAI/2.0/ http://www.openarchives.org/OAI/2.0/OAI-PMH.xsd"><responseDate>2026-04-27T03:43:12Z</responseDate><request verb="GetRecord" identifier="oai:repisalud.isciii.es:20.500.12105/10476" metadataPrefix="marc">https://repisalud.isciii.es/rest/oai/request</request><GetRecord><record><header><identifier>oai:repisalud.isciii.es:20.500.12105/10476</identifier><datestamp>2024-05-21T11:02:19Z</datestamp><setSpec>com_20.500.12105_2203</setSpec><setSpec>com_20.500.12105_2202</setSpec><setSpec>col_20.500.12105_19505</setSpec><setSpec>col_20.500.12105_19585</setSpec></header><metadata><record xmlns="http://www.loc.gov/MARC21/slim" xmlns:dcterms="http://purl.org/dc/terms/" xmlns:doc="http://www.lyncode.com/xoai" xmlns:xsi="http://www.w3.org/2001/XMLSchema-instance" xsi:schemaLocation="http://www.loc.gov/MARC21/slim http://www.loc.gov/standards/marcxml/schema/MARC21slim.xsd">
   <leader>00925njm 22002777a 4500</leader>
   <datafield ind2=" " ind1=" " tag="042">
      <subfield code="a">dc</subfield>
   </datafield>
   <datafield ind2=" " ind1=" " tag="720">
      <subfield code="a">Instituto de Salud Carlos III. Centro Nacional de Epidemiología</subfield>
      <subfield code="e">author</subfield>
   </datafield>
   <datafield ind2=" " ind1=" " tag="260">
      <subfield code="c">2012-03-11</subfield>
   </datafield>
   <datafield ind2=" " ind1=" " tag="520">
      <subfield code="a">En la semana 10/2012 la tasa global de incidencia de gripe desciende por tercera semana a 83,86 casos por
100.000, después de alcanzar el pico de la onda epidémica en la semana 07/2012.
La incidencia de gripe disminuye en todos los grupos de edad.
El porcentaje de muestras centinela positivas a virus gripales disminuye a 44,5% aunque mantiene niveles propios
del periodo epidémico.
Persiste una circulación mayoritaria del virus de la gripe A(H3) en el territorio sujeto a vigilancia, con una creciente
contribución de virus de la gripe B.
Desde la semana 40/2011 se han notificado 478 casos graves hospitalizados confirmados de gripe en dieciséis
CCAA, un 97% por virus de la gripe A (99% de A(H3), entre los subtipados) y un 3% por virus B.
Desde el inicio de la temporada 2011-12 se han registrado 24 defunciones en casos graves hospitalizados confirmados de gripe, el 88% mayores de 44 años.
La actividad gripal en la región templada del hemisferio norte continúa baja, aunque ciertos países del sur de Europa, norte de África y Oriente Medio parecen haber llegado al pico de su onda gripal de esta temporada. La circulación mayoritaria es de A(H3), a excepción de Méjico, donde ha circulado de manera predominante el virus de la
gripe A(H1N1)pdm09, y China, donde ha predominado el tipo B. En Canadá y en Europa en las últimas semanas se
han incrementado las detecciones de virus tipo B.</subfield>
   </datafield>
   <datafield ind1="8" ind2=" " tag="024">
      <subfield code="a">http://hdl.handle.net/20.500.12105/10476</subfield>
   </datafield>
   <datafield tag="653" ind2=" " ind1=" ">
      <subfield code="a">Gripe</subfield>
   </datafield>
   <datafield tag="653" ind2=" " ind1=" ">
      <subfield code="a">Vigilancia Epidemiológica</subfield>
   </datafield>
   <datafield ind2="0" ind1="0" tag="245">
      <subfield code="a">Informe semanal de Vigilancia de la Gripe en España Semana 10/2012 (5 – 11 de marzo 2012) Nº 300. 15 de marzo de 2012</subfield>
   </datafield>
</record></metadata></record></GetRecord></OAI-PMH>